|
|
|
|
| LEADER |
00923cam a2200253 7i4500 |
| 001 |
0000005097 |
| 005 |
19991025090000.0 |
| 002 |
##000006687 |
| 020 |
0 |
0 |
|a T000005300
|
| 090 |
0 |
0 |
|a CAMB 348.041
|b SIP
|
| 100 |
1 |
0 |
|a Siphana
|
| 245 |
1 |
4 |
|a The Compendium of Cambodian laws.
|
| 260 |
0 |
0 |
|a Phnom Penh:
|b The Council for the Development of Cambodia,
|c 1995.
|
| 300 |
0 |
0 |
|a v. p..
|
| 500 |
0 |
0 |
|a Library has Vol. I & II
|
| 650 |
0 |
0 |
|a Compendium law
|
| 650 |
0 |
0 |
|a Law --
|z Cambodia
|
| 651 |
0 |
0 |
|a Cambodia
|
| 999 |
|
|
|a 0000008016
|b Book
|c Open shelf
|e Business Information Centre
|
| 999 |
|
|
|a 0000008017
|b Book
|c Open shelf
|e Business Information Centre
|
| 999 |
|
|
|a 0000008195
|b Book
|c Open shelf
|e Business Information Centre
|
| 999 |
|
|
|a 0000008196
|b Book
|c Open shelf
|e Business Information Centre
|
| 999 |
|
|
|a 0000008197
|b Book
|c Open shelf
|e Business Information Centre
|
| 999 |
|
|
|a 0000008198
|b Book
|c Open shelf
|e Business Information Centre
|